000 00615nam a2200229 a 4500
001 BRL_760
005 20190320210901.0
008 021013s19uu----mx-a######---#000-0#spa-#
041 _aspa
044 _amx
050 4 _aRG524
_b.R33 1900
100 1 _aRabago, José
_924862
245 1 0 _aObstetricia
_cpor José Rabago.
260 _aMéxico, D.F.
_bFco. Mendez Oteo
_c[19--]
300 _a2 v.
_bil.
_c22 cm.
500 _av.1 Au829, v.2 Au840
500 _aNueva edición con grabados
505 0 _aContenido: v.1 Eutocia - v.2 Distocia.
650 1 4 _aObstetricia
_917207
902 _aGRL
942 _2lcc
_cB
999 _c9572
_d9572